Loading...
| Science - Biology | 6 | 3 | 2 | 1 | 110 | 30 | 62.00 | 8 | 9 |
| Science - Chemistry | 3 | 5 | 3 | 0 | 80 | 32 | 61.88 | 7 | 8 |
| Literature - American Literature | 3 | 2 | 0 | 0 | 65 | 46 | 76.80 | 3 | 5 |
| Literature - European Literature | 3 | 3 | 2 | 2 | 65 | 36 | 73.50 | 3 | 6 |
| Beliefs | 1 | 5 | 1 | 3 | 60 | 73 | 126.33 | 1 | 6 |
| Literature - World Literature | 1 | 5 | 1 | 0 | 60 | 66 | 88.50 | 4 | 6 |
| Social Science | 1 | 4 | 0 | 2 | 55 | 61 | 96.60 | 1 | 5 |
| Literature - British Literature | 2 | 3 | 1 | 0 | 55 | 31 | 71.60 | 4 | 5 |
| Science - Physics | 1 | 4 | 3 | 1 | 40 | 55 | 86.20 | 3 | 5 |
| Fine Arts - Other Arts | 1 | 2 | 1 | 0 | 30 | 65 | 110.00 | 2 | 3 |
| Visual Arts | 0 | 3 | 1 | 2 | 25 | 129 | 131.33 | 2 | 3 |
| History - American History | 0 | 2 | 0 | 0 | 20 | 80 | 81.50 | 1 | 2 |
| Science - Other Science | 0 | 3 | 3 | 1 | 15 | 72 | 90.67 | 1 | 3 |
| Other Academic | 1 | 0 | 0 | 0 | 15 | 16 | 16.00 | 1 | 1 |
| History - European History | 0 | 1 | 0 | 1 | 10 | 145 | 145.00 | 0 | 1 |
| History - Ancient History | 0 | 1 | 0 | 0 | 10 | 100 | 100.00 | 1 | 1 |
| Philosophy | 1 | 0 | 3 | 0 | 0 | 74 | 74.00 | 0 | 1 |
| Geography | 0 | 0 | 1 | 0 | -5 | 0.00 | 0 | 0 | |
| History - World History | 0 | 0 | 2 | 0 | -10 | 0.00 | 0 | 0 |